La Orden civil de beneficencia al diputado don Manuel de Jaumar de Bofarull
Colección:
San Jorge,
; núm. 2 (abril 1951), pàg. 77
Idioma:
Español
MARC
| LEADER | 00000naa a2200000 a 4500 | ||
|---|---|---|---|
| 003 | Arxiu | ||
| 005 | 20260324181025.0 | ||
| 008 | 160829s1951 spcaxx s0 spa c | ||
| 040 | |a agdb | ||
| 245 | 0 | 3 | |a La Orden civil de beneficencia al diputado don Manuel de Jaumar de Bofarull |
| 490 | |a San Jorge, |v núm. 2 (abril 1951), pàg. 77 | ||
| 600 | 1 | 0 | |a Jaumar i de Bofarull, Manuel |9 54560 |
| 610 | 2 | 0 | |a Ordre civil de Beneficència |9 54557 |
| 773 | |t San Jorge. |g Núm. 2 (abril 1951), pàg. 77 | ||
| 901 | |a Arxiu | ||
| 942 | |n 1 |2 udc |c ART | ||
| 952 | |0 0 |1 0 |4 0 |6 REV508 |7 1 |9 64561 |a Arxiu |b Arxiu |d 2022-12-01 |o Rev-508 |r 2022-12-01 00:00:00 |w 2022-12-01 |y ARXIU |z També disponible a Rev-521 | ||
| 999 | |c 43904 |d 43904 | ||